01044nam a22002657a 450000500170000001000370001702000280005402000230008203500170010503500260012203500130014803700150016103700130017608200190018924501140020825000190032226000450034127000610038630000910044749000660053850000260060450400510063070000300068183000670071120230228163010.0 a1617EN ENG-115902 ENG-1136273 a9780199459711 c1795.00 a199459711c1795.00 ab-649763-772 aEN-99434 EN-119805 aB-664939 bUppaladpl bDBAD/PUB04a305.80095422304aThe scheduled tribes and their India :bpolitics, identities, policies, and work /cedited by Nandini Sundar. aFirst edition. aNew DelhibOxford University pressc2016 aYMCA Library Building,1 Jaisingh RoadbNew Delhie110001 axviii, 640 pages :billustrations (black and white), 1 map (black and white) ;c22 cm.1 aOxford in India readings in sociology and social anthropology aContributed articles. aIncludes bibliographical references and index.1 aSundar, Nandini,eeditor. 0aOxford in India readings in sociology and social anthropology.